| 000 | 00681nam a2200217 i 4500 | ||
|---|---|---|---|
| 001 | 77950 | ||
| 003 | ES-MaACL | ||
| 005 | 20231222152432.0 | ||
| 007 | t| | ||
| 008 | 041116s2003 sp ||||1| spa d | ||
| 020 | _a84-607-6784-1 | ||
| 080 | _a75 Rosales, Eduardo | ||
| 080 | _a929 Rosales, Eduardo | ||
| 100 | 1 |
_aLópez Delgado, Juan Antonio. _973607 |
|
| 245 | 1 | 3 |
_aUn tiempo juvenil del pintor Rosales: 1856-1857 / _cJuan Antonio López Delgado. |
| 260 |
_aMurcia : _bJ.A. López, _c2003. |
||
| 300 |
_a98 p. : _bil. col. y n. ; _c24 cm. |
||
| 600 | 1 | 4 |
_aRosales, Eduardo, _d1836-1873 _999638 |
| 852 |
_aES-MaACL _jL-28458 _bR.134327 |
||
| 999 |
_c77950 _d77950 |
||